| Tag |
First Indicator |
Second Indicator |
Subfields |
| LEADER |
00000cam a22000004a 4500 |
| 001 |
in00003293421 |
| 005 |
20190405174919.0 |
| 006 |
m d |
| 007 |
cr |||||||nn|n |
| 008 |
091006s2010 inu o d eng d |
| 010 |
|
|
|z 2009041749
|
| 020 |
|
|
|a 9780268086794
|
| 020 |
|
|
|a 0268086796
|
| 020 |
|
|
|z 9780268035174
|
| 020 |
|
|
|z 0268035172
|
| 035 |
|
|
|a (MdBmJHUP)muse9780268086794
|
| 040 |
|
|
|a MdBmJHUP
|c MdBmJHUP
|d UtOrBLW
|
| 050 |
0 |
0 |
|a PQ4419.M2
|b M35 2010
|
| 082 |
0 |
0 |
|a 851/.1
|2 22
|
| 100 |
1 |
|
|a McInerny, Ralph,
|d 1929-2010.
|
| 245 |
1 |
0 |
|a Dante and the Blessed Virgin /
|c Ralph McInerny.
|
| 264 |
|
1 |
|a Notre Dame, Ind. :
|b University of Notre Dame Press,
|c [2010]
|
| 264 |
|
4 |
|c ©2010
|
| 300 |
|
|
|a 1 online resource (xvii, 164 pages )
|
| 336 |
|
|
|a text
|b txt
|2 rdacontent
|
| 337 |
|
|
|a computer
|b c
|2 rdamedia
|
| 338 |
|
|
|a online resource
|b cr
|2 rdacarrier
|
| 504 |
|
|
|a Includes bibliographical references (pages 145-153) and index.
|
| 505 |
0 |
|
|a Prologue -- Note on translations, editions, and abbreviations -- A new life begins -- In the midst of my days -- The seven storey mountain -- Queen of heaven -- Epilogue.
|
| 588 |
|
|
|a Description based on print version record.
|
| 500 |
|
|
|a Electronic resource.
|
| 600 |
0 |
0 |
|a Mary,
|c Blessed Virgin, Saint
|x In literature.
|
| 600 |
0 |
0 |
|a Dante Alighieri,
|d 1265-1321
|x Characters
|x Mary, Blessed Virgin, Saint.
|
| 600 |
0 |
0 |
|a Dante Alighieri,
|d 1265-1321
|x Criticism and interpretation.
|
| 655 |
|
7 |
|a Electronic books.
|2 local
|
| 856 |
4 |
0 |
|u http://proxy.library.tamu.edu/login?url=http://muse.jhu.edu/books/9780268086794/
|z Connect to the full text of this electronic book
|t 0
|
| 999 |
|
|
|a MARS
|
| 999 |
f |
f |
|s 8542fd89-5a24-3eb9-81a3-e549b75baa16
|i 0a414d57-85f0-35b4-a50d-07b31c1f62ad
|t 0
|
| 952 |
f |
f |
|a Texas A&M University
|b College Station
|c Electronic Resources
|d Available Online
|t 0
|e PQ4419.M2 M35 2010
|h Library of Congress classification
|
| 998 |
f |
f |
|a PQ4419.M2 M35 2010
|t 0
|l Available Online
|